Wie viel Glück haben Sie? - Statistiken

Allgemein
  • Dieses Quiz wurde 234 mal gespielt
  • Das Durchschnittsergebnis liegt bei 7 aus 43
Answers on the Grid
Answers color-coded by a green-red scale on the quiz's grid according to % correct below.
1
2
3
4
5
6
7
8
9
10
11
12
13
14
15
16
17
18
19
20
21
22
23
24
25
26
27
28
29
30
31
32
33
34
35
36
37
38
39
40
41
42
43
44
45
46
47
48
49
 
Antwortstatistiken
Antwort % Korrekt
1
41%
2
36%
3
28%
4
27%
5
26%
7
21%
12
20%
14
20%
28
20%
8
20%
19
19%
20
19%
24
19%
13
18%
18
18%
22
18%
29
18%
49
18%
23
17%
27
17%
34
17%
38
17%
16
16%
25
16%
42
16%
26
15%
10
13%
11
13%
21
13%
32
13%
35
13%
37
13%
47
13%
9
13%
36
12%
44
11%
48
10%
40
9%
41
9%
43
9%
46
8%
45
7%
31
5%
Keine übereinstimmenden Quizze gefunden
Verteilung der Resultate
Anzahl Personen mit jedem Resultat
Perzentil nach korrekt beantworteten Fragen
Ihre Resultats-Entwicklung
Sie haben dieses Quiz noch nicht gespielt